000 04374cam a22013094i 4500
003 PE-LiUPU
005 20250813185330.0
008 100423s2010 sp ad rb 000 0 spa d
020 _a8415031017
_q(v. 2)
020 _a8415031297
_q(o.c.)
020 _a8492774916
_q(v. 1)
020 _a9788415031017
_q(v. 2)
020 _a9788415031291
_q(o.c.)
020 _a9788492774913
_q(v. 1)
035 _a(Sirsi) i9788415031017
040 _aEs-BaCBU
_bspa
_cESCBUL
_dOCLCQ
_dPE-LiUPU
_erda
082 0 4 _a333.9539
_bE5
_220
245 0 0 _aEnergía de la biomasa :
_benergías renovables /
_cFernando Sebastián Nogués, Daniel García-Galindo y Adeline Rezeau (coordinadores).
264 _aZaragoza :
_bPrensas Universitarias de Zaragoza,
_c2010.
300 _a2 v. 652 páginas :
_bilustraciones ;
_c23 centímetros
336 _atext
_2rdacontent
337 _aunmediated
_2rdamedia
338 _avolume
_2rdacarrier
504 _aBibliografía al final de cada capitulo.
505 0 _aSistemas de generación de energía final -- Generación y eliminación de contaminantes durante la combustión de biomasa -- Seguridad contra incendios y explosiones en instalaciones de biomasa sólida -- Introducción al aprovechamiento de la biomasa residual húmeda -- Valoración de residuos ganaderos como enmienda orgánica, impactos y perspectivas -- Compostaje de residuos orgánicos biodegradables -- Digestión anaerobia y dimensionamiento de biodigestores -- Tipos de biodigestores, selección en función del residuo -- Planta de producción de biogás -- Obtención y utilización del gas de vertedero -- Plantas de digestión anaerobia en "paises en vías de desarrollo" -- Introducción a los biocarburantes -- Producción del biodiésel -- Producción de bioetanol -- Uso de biocarburantes en motores.
526 _aP202
526 _aP201
526 _aP163
526 _aP162
526 _aP161
526 _aP160
526 _aP148
526 _aP147
526 _aP146
526 _aP145
526 _aP144
526 _aP143
526 _aP142
526 _aP141
526 _aP140
526 _aP139
526 _aP138
526 _aP137
526 _aP136
526 _aP135
526 _aP134
526 _aP133
526 _aP129
526 _aP128
526 _aP127
526 _aP120
526 _aP119
526 _aP118
526 _aP116
526 _aP115
526 _aP114
526 _aP110
526 _aP109
526 _aP108
526 _aP104
526 _aP103
526 _aP102
526 _aP99
526 _aP98
526 _aP97
526 _aP96
526 _aP95
526 _aP93
526 _aP90
526 _aP89
526 _aP88
526 _aP83
526 _aP82
526 _aP62
526 _aP59
526 _aP58
526 _aP57
526 _aP51
526 _aP49
526 _aP48
526 _aP47
526 _aP29
526 _aP24
526 _aP20
526 _aP19
526 _aP17
526 _aP15
526 _aP14
526 _aP12
526 _aP10
526 _aP09
526 _aP08
526 _aP07
526 _aP06
526 _aP05
526 _aP04
526 _aP01
541 _g001-0000891;
541 _g0001-0042329;
650 7 _aEnergía de la biomassa.
_2lemac
700 1 _aGarcía-Galindo, Daniel,
_ecoordinador.
700 1 _aRezeau, Adeline,
_ecoordinador.
700 1 _aSebastián Nogués, Fernando,
_ecoordinador.
910 _ajck
_bebj
_cebj
_d20160727
910 _adbm
_bmarg
_cmarg
_d20180118
942 _2ddc
_cBOOK
949 _a333.9539 E5
_wDEWEY
_c1
_i74238
_lCCODEBUL1
_mBUL
_p56.08
_r0
_sY
_tBOOK
_u2016-7-27
_xINGENIERIA
_PP24
_0COMPRA
_o.STAFF. Colección General
994 _aC0
_bPEPRU
596 _a1
999 _a333.9539 E5
_wDEWEY
_c11586
_i74238
_d11586
_e2017-11-30
_f2021-11-9
_g7
_lCCODEBUL1
_mBUL
_n3
_p56.08
_q1
_r0
_sY
_tBOOK
_u2016-7-27
_xINGENIERIA
_PP24
_0COMPRA
_o.STAFF. Colección General
999 _a333.9539 E5
_wDEWEY
_c2
_i78178
_f2021-11-9
_g4
_lCCODEBUL1
_mBUL
_p59.19
_r0
_sY
_tBOOK
_u2018-1-18
_xINGENIERIA
_PP24
_0COMPRA
_o.STAFF. Colección Ingeniería y Arquitectura
980 _81
_gALBERTO SANCHEZ Responsable de Automatización